| 000 | 00650cam a2200241 4500 | ||
|---|---|---|---|
| 008 | 090401t1990 xxu||||| |||| 00| 0 eng d | ||
| 020 | _a0901766712 | ||
| 035 | _a(Sirsi) u69640 | ||
| 041 | _aeng | ||
| 050 | _a692.5 | ||
| 245 | _aFarm building cost guide 1990 | ||
| 250 | _a16th ed. | ||
| 260 |
_aBucksburn,Aberdeen _bCentre for Rural Building _c1990 |
||
| 300 | _a100p. ; 30cm. | ||
| 350 | _a13.75 | ||
| 650 | _aBUILT ENVIRONMENT-BUILDING COSTS | ||
| 650 | _aFARM BUILDINGS | ||
| 650 | _aBUILDING PRICE BOOKS | ||
| 650 | _aSCOTTISH AGRICULTURAL COLLEGES | ||
| 700 |
_aMacCormack, John. _xEditor |
||
| 942 | _n0 | ||
| 948 | _c04/03/1997 | ||
| 999 |
_c95220 _d95220 |
||